[Event "DVM U10 2020"]
[Site "Magdeburg GER"]
[Date "2021.08.08"]
[Round "6"]
[White "Thanner, David"]
[Black "Bartik, Hugo"]
[Result "1-0"]
[Termination "normal"]
[Board "12.4"]
[WhiteElo "902"]
[BlackElo "878"]
[WhiteTeam "Schachfreunde Tegernheim"]
[BlackTeam "SV Empor Erfurt"]
[PlyCount "101"]
[EventCountry "GER"]
[EventRounds "7"]
[EventType "team-swiss"]
[EventDate "2021.08.06"]

{[%evp 0,40,19,16,57,46,46,10,22,29,23,11,11,15,14,8,28,46,331,83,352,60,19,9,
15,12,12,-11,38,24,25,-62,47,39,40,36,36,-54,-55,-129,0,-63,-7] normal} 1. e4
c5 2. Nf3 Nc6 3. d4 cxd4 4. Nxd4 e5 5. Nxc6 bxc6 6. Nc3 Bb4 7. Bc4 Bxc3+ 8.
bxc3 Rb8 9. O-O Nf6 10. Bg5 O-O 11. Qf3 d5 12. exd5 cxd5 13. Bb3 e4 14. Qf4 Be6
15. Rab1 Re8 16. Ba4 Rxb1 17. Rxb1 Rf8 18. Bxf6 Qxf6 19. Qb8 Qg5 20. Kh1 h6 21.
Qxa7 Qe5 22. Qc5 Rb8 23. Rb3 Qf4 24. g3 Qe5 25. f4 Rc8 26. Qxc8+ Bxc8 27. fxe5
e3 28. Kg2 e2 29. Kf2 Bg4 30. Rb4 Bh5 31. Rh4 g6 32. g4 e1=Q+ 33. Kxe1 g5 34.
Rxh5 Kg7 35. Bb3 f6 36. exf6+ Kxf6 37. Rxh6+ Ke5 38. Rh5 Kf4 39. Bxd5 Kxg4 40.
Rxg5+ Kxg5 41. a4 Kf4 42. a5 Ke5 43. a6 Kxd5 44. a7 Kc4 45. a8=Q Kxc3 46. Qd5
Kxc2 47. Qd4 Kb3 48. Kd2 Ka3 49. Qb6 Ka4 50. Kc3 Ka3 51. Qb3# 1-0

[Event "DVM U10 2020"]
[Site "Magdeburg GER"]
[Date "2021.08.08"]
[Round "6"]
[White "Roos Nazario, Valentin"]
[Black "Krüger, Moritz"]
[Result "0-1"]
[Termination "normal"]
[Board "13.1"]
[WhiteElo "1204"]
[BlackElo "1040"]
[WhiteTeam "Tischtennisclub Grün-Weiß Fritzdorf 1958 e. V."]
[BlackTeam "Hannover 96"]
[PlyCount "120"]
[WhiteFideId "16295722"]
[BlackFideId "34608923"]
[EventCountry "GER"]
[EventRounds "7"]
[EventType "team-swiss"]
[EventDate "2021.08.06"]

{[%evp 0,39,19,16,45,36,40,4,-9,-3,-3,-14,20,6,21,4,38,46,42,7,42,42,54,30,93,
65,52,5,55,62,45,50,75,32,27,37,21,29,37,7,71,26] normal} 1. e4 e6 2. d4 d5 3.
Bd3 dxe4 4. Bxe4 Nf6 5. Bf3 Bd6 6. Ne2 O-O 7. Nbc3 c5 8. O-O Nc6 9. Be3 cxd4
10. Nxd4 Nxd4 11. Bxd4 Nd7 12. Ne4 Bc7 13. Qd2 Nb6 14. Qc3 Nd5 15. Qd2 Qh4 16.
h3 e5 17. Bxe5 Bxe5 18. Qxd5 Qf4 19. Ng3 g6 20. Qe4 Qxe4 21. Bxe4 Bxb2 22. Rab1
Bg7 23. Bxb7 Bxb7 24. Rxb7 Rfc8 25. Re1 Rxc2 26. Ree7 Rf8 27. Rxa7 Bd4 28. Nh1
Bxa7 29. Rxa7 Rcc8 30. g4 Ra8 31. Rxa8 Rxa8 32. Ng3 Rxa2 33. Kg2 Kg7 34. h4 h6
35. Kf3 g5 36. Nf5+ Kf6 37. h5 Ra3+ 38. Ke4 Ra4+ 39. Kf3 Rf4+ 40. Kg3 Rxf5 41.
gxf5 Kxf5 42. f3 f6 43. Kh3 Kf4 44. Kg2 g4 45. fxg4 Kxg4 46. Kf2 Kxh5 47. Kg3
Kg5 48. Kf3 Kf5 49. Ke3 Kg4 50. Kf2 Kf4 51. Ke2 Kg3 52. Kf1 Kf3 53. Kg1 f5 54.
Kf1 f4 55. Kg1 Ke2 56. Kh2 f3 57. Kg3 f2 58. Kh2 f1=Q 59. Kg3 Qf3+ 60. Kh2 Qg4
0-1

[Event "DVM U10 2020"]
[Site "Magdeburg GER"]
[Date "2021.08.08"]
[Round "6"]
[White "Rinke, Alexander"]
[Black "Burlutskaia, Maria"]
[Result "0-1"]
[Termination "normal"]
[Board "13.2"]
[WhiteElo "1132"]
[BlackElo "1355"]
[WhiteTeam "Hannover 96"]
[BlackTeam "Tischtennisclub Grün-Weiß Fritzdorf 1958 e. V."]
[PlyCount "80"]
[WhiteFideId "34623523"]
[BlackFideId "34607137"]
[EventCountry "GER"]
[EventRounds "7"]
[EventType "team-swiss"]
[EventDate "2021.08.06"]

{[%evp 0,47,19,16,15,11,11,11,18,25,40,32,59,21,35,35,35,38,33,42,30,21,25,-2,
9,-37,-28,-51,-49,-58,-27,-74,-27,-27,-33,-33,-12,-62,-41,-30,-30,-30,-25,-19,
0,-16,0,0,0,16] normal} 1. e4 e5 2. Nf3 Nc6 3. Bb5 Nf6 4. O-O Nxe4 5. Re1 Nf6
6. Bxc6 bxc6 7. Nxe5 Be7 8. d4 O-O 9. Nc3 Bb7 10. Bf4 d6 11. Nf3 Nd7 12. Ne2
Bf6 13. c3 c5 14. Qd3 Re8 15. Nd2 Bg5 16. Nf3 Bxf4 17. Nxf4 Qf6 18. Ne2 Bxf3
19. Qxf3 Qxf3 20. gxf3 Rab8 21. b3 f5 22. Nf4 cxd4 23. cxd4 Kf7 24. Nd5 c6 25.
Nc7 Re7 26. Rxe7+ Kxe7 27. Re1+ Kf7 28. Ne6 h6 29. Nf4 g5 30. Nh5 f4 31. Kg2
Kg6 32. Re6+ Kxh5 33. Rxd6 Nb6 34. Rxc6 Rd8 35. Rc7 Rxd4 36. Rxa7 Rd2 37. a4
Nd5 38. Rd7 Ne3+ 39. Kh3 Rxd7 40. fxe3 fxe3 0-1

[Event "DVM U10 2020"]
[Site "Magdeburg GER"]
[Date "2021.08.08"]
[Round "6"]
[White "Snover, Tom"]
[Black "Eschrig, Immanuel"]
[Result "1-0"]
[Termination "normal"]
[Board "14.1"]
[WhiteElo "1525"]
[BlackElo "1094"]
[WhiteTeam "Schachclub Aschaffenburg e.V."]
[BlackTeam "Greifswalder SV"]
[PlyCount "51"]
[WhiteFideId "34604553"]
[BlackFideId "34626506"]
[EventCountry "GER"]
[EventRounds "7"]
[EventType "team-swiss"]
[EventDate "2021.08.06"]

{[%evp 0,22,19,15,15,10,11,11,15,-2,2,0,15,23,134,27,246,155,556,554,569,550,
572,577,627] normal} 1. e4 e5 2. Nf3 Nc6 3. Bb5 a6 4. Ba4 Nf6 5. O-O Nxe4 6.
Re1 d5 7. d3 Nf6 8. Nxe5 Qd6 9. Nc4+ Qe6 10. Rxe6+ fxe6 11. Ne5 Bd7 12. Nxc6
Bxc6 13. Bxc6+ bxc6 14. Qe2 Kf7 15. Nd2 Bc5 16. Nf3 Rhf8 17. Be3 Bxe3 18. Qxe3
Rab8 19. Ne5+ Ke7 20. Nxc6+ Kf7 21. Nxb8 Rxb8 22. Qe5 Rxb2 23. Qxb2 g6 24. Qe5
Kg7 25. Qxe6 c5 26. Qe7+ 1-0

[Event "DVM U10 2020"]
[Site "Magdeburg GER"]
[Date "2021.08.08"]
[Round "6"]
[White "Khanbekyan, Aram"]
[Black "Schwab, Florentin"]
[Result "1-0"]
[Termination "normal"]
[Board "14.2"]
[WhiteElo "900"]
[BlackElo "934"]
[WhiteTeam "Greifswalder SV"]
[BlackTeam "Schachclub Aschaffenburg e.V."]
[PlyCount "97"]
[WhiteFideId "34606149"]
[BlackFideId "34669051"]
[EventCountry "GER"]
[EventRounds "7"]
[EventType "team-swiss"]
[EventDate "2021.08.06"]

{[%evp 0,43,19,15,11,11,11,5,8,-38,48,51,49,47,153,32,40,44,42,-2,13,17,17,-26,
6,5,6,11,24,22,43,48,42,-10,-4,-11,16,-6,-11,-17,62,61,81,39,46,10] normal} 1.
e4 e5 2. Nf3 Nc6 3. d4 exd4 4. Bc4 d6 5. Nxd4 Nf6 6. Nc3 Be6 7. Nxc6 bxc6 8.
Bxe6 fxe6 9. Bg5 Be7 10. O-O O-O 11. Re1 e5 12. Qd3 Kh8 13. Rad1 Rb8 14. b3 Nd7
15. Bxe7 Qxe7 16. Ne2 Nc5 17. Qe3 Rf6 18. Ng3 g6 19. Rf1 Ne6 20. Qxa7 Rbf8 21.
Rd2 c5 22. c4 Nd4 23. Ne2 Nxe2+ 24. Rxe2 R8f7 25. a4 Qd7 26. a5 Qg4 27. f3 Kg7
28. Ree1 Qg5 29. a6 c6 30. Qb6 Kh6 31. a7 Rf8 32. Ra1 Qe3+ 33. Kh1 Rf4 34. a8=R
Rxa8 35. Rxa8 Rh4 36. g3 Rxh2+ 37. Kxh2 Qe2+ 38. Kg1 Qe3+ 39. Kh1 Qg5 40. g4
Qh4+ 41. Kg2 Kg5 42. Qd8+ Kf4 43. Qxh4 h5 44. Rf8+ Ke3 45. Qe1+ Kd3 46. Kf2 h4
47. Qc1 g5 48. Rd8 d5 49. Rd1# 1-0

[Event "DVM U10 2020"]
[Site "Magdeburg GER"]
[Date "2021.08.08"]
[Round "6"]
[White "Mauch, Jurek"]
[Black "Küstner, Frieder"]
[Result "0-1"]
[Termination "normal"]
[Board "14.3"]
[WhiteElo "764"]
[BlackElo "727"]
[WhiteTeam "Schachclub Aschaffenburg e.V."]
[BlackTeam "Greifswalder SV"]
[PlyCount "62"]
[WhiteFideId "34627634"]
[EventCountry "GER"]
[EventRounds "7"]
[EventType "team-swiss"]
[EventDate "2021.08.06"]

{[%evp 0,44,19,11,11,11,10,10,26,10,11,7,7,7,8,4,4,-26,-3,-12,17,-3,-14,-50,71,
21,121,2,15,-25,-6,-23,-29,-43,-55,-278,-245,-336,-146,-436,-228,-350,-375,
-771,-377,-616,-585] normal} 1. e4 e5 2. Nf3 Nc6 3. Bc4 Bc5 4. d3 Nf6 5. Nc3 d6
6. O-O Be6 7. Bxe6 fxe6 8. Bg5 Qd7 9. Re1 O-O-O 10. h3 h6 11. Bh4 d5 12. Rb1
Nd4 13. Nxd4 exd4 14. Ne2 dxe4 15. dxe4 g5 16. Bg3 Nxe4 17. Be5 Rhf8 18. Rf1
Qd5 19. Bg7 Rg8 20. Bxh6 Rg6 21. f3 Nd6 22. f4 Rxh6 23. fxg5 Qxg5 24. Nxd4 Rg6
25. g4 e5 26. c3 exd4 27. cxd4 Qe3+ 28. Kh1 Qxh3+ 29. Kg1 Ne4 30. Rf3 Rxg4+ 31.
Rg3 Rxg3# 0-1

[Event "DVM U10 2020"]
[Site "Magdeburg GER"]
[Date "2021.08.08"]
[Round "6"]
[White "Hoffmann, Svenja"]
[Black "Kamleiter, Noah"]
[Result "0-1"]
[Termination "normal"]
[Board "15.1"]
[WhiteElo "1307"]
[BlackElo "1476"]
[WhiteTeam "Schachzwerge Magdeburg"]
[BlackTeam "TSV Bindlach Aktionär"]
[PlyCount "84"]
[WhiteFideId "16287312"]
[BlackFideId "16265815"]
[EventCountry "GER"]
[EventRounds "7"]
[EventType "team-swiss"]
[EventDate "2021.08.06"]

{[%evp 0,41,19,11,46,46,46,29,29,29,62,55,55,46,69,34,42,22,26,13,31,17,30,20,
44,41,49,26,121,21,57,58,20,38,34,18,-2,-39,18,13,28,33,12,-38] normal} 1. e4
c5 2. Nf3 Nc6 3. d4 cxd4 4. Nxd4 g6 5. Nc3 Bg7 6. Be3 Nf6 7. f3 d6 8. Bc4 O-O
9. Qd2 a6 10. Bb3 Nxd4 11. Bxd4 Bd7 12. O-O-O Rc8 13. h4 b5 14. a3 h5 15. e5
dxe5 16. Bxe5 Bf5 17. Qe2 Qb6 18. Kb1 Rcd8 19. Rhg1 Rxd1+ 20. Rxd1 Rd8 21. Nd5
Nxd5 22. Bxd5 e6 23. Bxg7 Kxg7 24. Bb3 Rxd1+ 25. Qxd1 Qf2 26. g4 hxg4 27. fxg4
Be4 28. h5 Bf3 29. Qd6 Bxg4 30. hxg6 fxg6 31. Qd7+ Kh6 32. Bxe6 Qe1+ 33. Ka2
Bxe6+ 34. Qxe6 Qxe6+ 35. b3 g5 36. Kb2 g4 37. a4 bxa4 38. bxa4 g3 39. Ka3 g2
40. Kb4 g1=Q 41. c4 Qb1+ 42. Kc5 Qbb6# 0-1

[Event "DVM U10 2020"]
[Site "Magdeburg GER"]
[Date "2021.08.08"]
[Round "6"]
[White "Gerull, Luis"]
[Black "Grundel-Kawano, Emi"]
[Result "1-0"]
[Termination "normal"]
[Board "16.3"]
[WhiteElo "854"]
[BlackElo "832"]
[WhiteTeam "Schachklub Schweinfurt 2000 e.V."]
[BlackTeam "USC Magdeburg"]
[PlyCount "43"]
[WhiteFideId "34606270"]
[BlackFideId "34624775"]
[EventCountry "GER"]
[EventRounds "7"]
[EventType "team-swiss"]
[EventDate "2021.08.06"]

{[%evp 0,43,19,11,11,10,10,18,58,7,7,8,7,-11,-17,-16,-10,-38,-35,-73,20,-39,33,
-140,10,-30,-12,-70,277,216,250,74,355,-18,640,640,734,1068,1116,1064,29995,
29996,29997,29998,29999,-30000] normal} 1. e4 e5 2. Nf3 Nc6 3. Nc3 Bc5 4. Bc4
Nf6 5. d3 d6 6. Qe2 Be6 7. Bb3 O-O 8. Bg5 h6 9. Bh4 Qd7 10. O-O-O Qe7 11. g4
Bxg4 12. Rhg1 Be6 13. Rg3 Bd7 14. Qd2 Kh7 15. Rdg1 Rg8 16. Bg5 Qe6 17. Bxe6
Bxe6 18. Bxf6 g6 19. Nd5 h5 20. Ng5+ Kh6 21. Nxf7+ Kh7 22. Qh6# 1-0

[Event "DVM U10 2020"]
[Site "Magdeburg GER"]
[Date "2021.08.08"]
[Round "6"]
[White "Ahlers, Quentin"]
[Black "Nguyen Duc, Tien Dat"]
[Result "1-0"]
[Termination "normal"]
[Board "17.1"]
[WhiteElo "1431"]
[BlackElo "950"]
[WhiteTeam "SK Lehrte von 1919 e. V."]
[BlackTeam "SAV Torgelow-Drögeheide 90"]
[PlyCount "63"]
[WhiteFideId "16269551"]
[EventCountry "GER"]
[EventRounds "7"]
[EventType "team-swiss"]
[EventDate "2021.08.06"]

{[%evp 0,42,19,11,11,11,18,10,11,4,61,-13,5,-6,-15,22,11,22,17,39,4,18,6,7,0,
-30,-21,-14,22,10,1,12,25,29,37,-8,362,-36,27,27,28,-1,30,24,55] normal} 1. e4
e5 2. Nf3 Nc6 3. Bc4 Bc5 4. c3 d6 5. h3 Nf6 6. d4 exd4 7. cxd4 Bb4+ 8. Bd2 Nxe4
9. Bxb4 Nxb4 10. Qb3 d5 11. Qxb4 dxc4 12. Qxc4 Be6 13. Qd3 Nf6 14. O-O O-O 15.
Re1 Re8 16. Nc3 Bd5 17. Ng5 h6 18. Nxd5 hxg5 19. Nxf6+ Qxf6 20. b3 Red8 21.
Rad1 c5 22. d5 Re8 23. d6 Rxe1+ 24. Rxe1 Rd8 25. d7 Kf8 26. Qe3 Qe6 27. Qxc5+
Kg8 28. Rxe6 fxe6 29. Qe7 Rf8 30. Qxf8+ Kxf8 31. d8=Q+ Kf7 32. Qc7+ 1-0

[Event "DVM U10 2020"]
[Site "Magdeburg GER"]
[Date "2021.08.08"]
[Round "6"]
[White "Wilke, Ronja"]
[Black "Ebel, Felix"]
[Result "0-1"]
[Termination "normal"]
[Board "17.2"]
[WhiteElo "862"]
[BlackElo "955"]
[WhiteTeam "SAV Torgelow-Drögeheide 90"]
[BlackTeam "SK Lehrte von 1919 e. V."]
[PlyCount "58"]
[WhiteFideId "16288378"]
[BlackFideId "34651446"]
[EventCountry "GER"]
[EventRounds "7"]
[EventType "team-swiss"]
[EventDate "2021.08.06"]

{[%evp 0,37,19,11,40,40,61,65,61,53,45,58,39,37,66,23,27,-17,-9,0,142,73,87,-7,
85,90,245,105,425,413,481,484,466,459,460,467,461,456,467,445] normal} 1. e4 d5
2. exd5 Qxd5 3. Nc3 Qa5 4. Nf3 Nf6 5. Be2 Nc6 6. O-O e5 7. d3 Bd6 8. Re1 O-O 9.
Bd2 e4 10. dxe4 Qh5 11. Be3 Bg4 12. h3 Ne5 13. Nxe5 Bxe5 14. Bxg4 Qg6 15. Bf5
Qh5 16. Qxh5 Nxh5 17. Rab1 g6 18. Bg4 Nf6 19. Bh6 Rfe8 20. Red1 Bxc3 21. bxc3
Nxe4 22. Re1 f5 23. Bf3 Nd2 24. Rxe8+ Rxe8 25. Rxb7 f4 26. Rxc7 Re1+ 27. Kh2
Nf1+ 28. Kg1 Ng3+ 29. Kh2 Rh1# 0-1

[Event "DVM U10 2020"]
[Site "Magdeburg GER"]
[Date "2021.08.08"]
[Round "6"]
[White "Kosmehl, Friedrich"]
[Black "Wrage, Julius"]
[Result "1-0"]
[Termination "normal"]
[Board "17.3"]
[WhiteElo "943"]
[BlackElo "769"]
[WhiteTeam "SK Lehrte von 1919 e. V."]
[BlackTeam "SAV Torgelow-Drögeheide 90"]
[PlyCount "55"]
[BlackFideId "34634673"]
[EventCountry "GER"]
[EventRounds "7"]
[EventType "team-swiss"]
[EventDate "2021.08.06"]

{[%evp 0,45,19,19,19,11,8,6,32,32,41,23,34,28,40,-6,19,22,31,29,32,-76,42,-55,
-55,-57,-57,-79,-4,-251,-1,9,32,-109,-36,-118,-117,-107,20,37,157,-18,1049,
1146,1206,1266,1531,1562] normal} 1. d4 d5 2. c4 e6 3. Nf3 Bd6 4. Nc3 Nf6 5. e3
Nc6 6. Bd3 O-O 7. e4 dxe4 8. Nxe4 Nxe4 9. Bxe4 e5 10. d5 Bb4+ 11. Nd2 Nd4 12.
a3 Bxd2+ 13. Bxd2 f5 14. Bb4 Rf6 15. Bf3 f4 16. d6 c6 17. Bc3 Qxd6 18. O-O Qd7
19. Re1 Rd6 20. Bh5 Qe8 21. Bxe8 Bf5 22. Rxe5 g6 23. Bxd4 Rad8 24. c5 Rxd4 25.
Qb3+ Kh8 26. g3 Rd2 27. Qf7 R8d5 28. Qf8# 1-0

[Event "DVM U10 2020"]
[Site "Magdeburg GER"]
[Date "2021.08.08"]
[Round "6"]
[White "Rudolph, Simon"]
[Black "Bredl, Leander"]
[Result "1-0"]
[Termination "normal"]
[Board "18.1"]
[WhiteElo "1207"]
[BlackElo "1144"]
[WhiteTeam "SC Leipzig-Lindenau"]
[BlackTeam "SC Garching 1980 e.V."]
[PlyCount "135"]
[WhiteFideId "34617078"]
[BlackFideId "34645268"]
[EventCountry "GER"]
[EventRounds "7"]
[EventType "team-swiss"]
[EventDate "2021.08.06"]

{[%evp 0,34,12,11,40,44,44,32,60,29,27,44,35,27,86,26,19,24,28,-13,-9,-13,-7,
-19,363,359,406,405,466,388,387,407,414,410,421,354,409] normal} 1. e4 d5 2.
exd5 Nf6 3. Nf3 Bg4 4. Be2 Nxd5 5. O-O e6 6. h3 Bh5 7. Re1 Be7 8. d3 O-O 9.
Nbd2 Nc6 10. a3 a6 11. Nf1 Nf4 12. Bxf4 Bxf3 13. Bxf3 Qd4 14. Qc1 Bc5 15. Be3
Qd6 16. Bxc5 Qxc5 17. Ng3 Rab8 18. Qd2 Nd4 19. Rac1 Nxf3+ 20. gxf3 Qc6 21. Qe3
Rfe8 22. Ne4 e5 23. Kh2 f5 24. Nc3 f4 25. Qe4 Qb6 26. Nd1 Qa5 27. Kg1 Qd2 28.
Nc3 Rbd8 29. Qe2 Qxe2 30. Rxe2 Rd6 31. Re4 Rg6+ 32. Kh1 Rh6 33. Kh2 Rh5 34. Rg1
Re6 35. Ne2 Reh6 36. Kg2 Rxh3 37. Rxe5 Rh2+ 38. Kf1 Rh1 39. Re7 Rxg1+ 40. Nxg1
Rc6 41. Re2 Rb6 42. b3 Kf7 43. Nh3 Rh6 44. Nxf4 c6 45. Kg2 Rh4 46. Kg3 Rh6 47.
Re5 Rh1 48. Re2 Rh6 49. Nh3 Rg6+ 50. Kf4 Rf6+ 51. Kg4 Rg6+ 52. Ng5+ Kf8 53. Kh4
Rh6+ 54. Kg3 Rg6 55. Kf4 Rf6+ 56. Ke3 h6 57. Nh7+ Kf7 58. Nxf6 Kxf6 59. c4 c5
60. d4 b6 61. dxc5 bxc5 62. b4 Ke6 63. bxc5 Kd7 64. Kd4 Kc7 65. Kd5 h5 66. Re7+
Kb8 67. Kc6 Kc8 68. Re8# 1-0

[Event "DVM U10 2020"]
[Site "Magdeburg GER"]
[Date "2021.08.08"]
[Round "6"]
[White "Clarke-Griebsch, Elisa"]
[Black "Richter, Peter"]
[Result "1-0"]
[Termination "normal"]
[Board "18.2"]
[WhiteElo "886"]
[BlackElo "802"]
[WhiteTeam "SC Garching 1980 e.V."]
[BlackTeam "SC Leipzig-Lindenau"]
[PlyCount "103"]
[BlackFideId "34617094"]
[EventCountry "GER"]
[EventRounds "7"]
[EventType "team-swiss"]
[EventDate "2021.08.06"]

{[%evp 0,50,18,11,11,11,21,28,58,47,140,148,147,135,317,134,281,142,303,95,99,
97,109,67,74,65,98,17,10,-36,-57,-83,-16,-36,-51,-328,-104,-321,-48,-50,-50,
-61,33,28,34,28,59,17,45,45,245,158,375] normal} 1. e4 e5 2. Nf3 Nc6 3. Nc3 Be7
4. d4 f6 5. d5 Na5 6. Be2 Bc5 7. O-O Ne7 8. Bd2 c6 9. dxc6 Naxc6 10. Bc4 d6 11.
Qe2 Bg4 12. Be3 Bd4 13. Bxd4 Nxd4 14. Bb5+ Nec6 15. Qd1 a6 16. Bc4 Qd7 17. Nd5
b5 18. Nb6 Qb7 19. Nxa8 bxc4 20. c3 Nb5 21. a4 Nba7 22. Qxd6 Qxa8 23. Nd2 Nc8
24. Qc5 f5 25. Rfe1 g6 26. a5 N8e7 27. Qxc4 Rg8 28. Qe6 h5 29. Nc4 fxe4 30.
Nd6+ Kd8 31. Qc4 Rf8 32. Nxe4 Qa7 33. Qc5 Qd7 34. f3 Be6 35. Rad1 Bd5 36. Qb6+
Ke8 37. Nc5 Qd6 38. b4 Nc8 39. Nb7 Qd7 40. Qxa6 Nd6 41. Nc5 Qe7 42. Rxd5 Rf4
43. Qxc6+ Kf7 44. Rxd6 Rc4 45. Qd7 Qxd7 46. Rxd7+ Ke8 47. Rxe5+ Kf8 48. Re4
Rxe4 49. fxe4 Ke8 50. a6 Kf8 51. a7 Ke8 52. a8=Q# 1-0

[Event "DVM U10 2020"]
[Site "Magdeburg GER"]
[Date "2021.08.08"]
[Round "7"]
[White "Middendorf, Sven-Jonas"]
[Black "Goldmann, David"]
[Result "0-1"]
[Termination "normal"]
[Board "1.1"]
[WhiteElo "1407"]
[BlackElo "1629"]
[WhiteClock "00:11:59"]
[BlackClock "00:46:17"]
[WhiteTeam "SV Hellas Nauen e.V."]
[BlackTeam "Hamburger SK von 1830 eV"]
[PlyCount "104"]
[WhiteFideId "16287207"]
[BlackFideId "16268920"]
[EventCountry "GER"]
[EventRounds "7"]
[EventType "team-swiss"]
[EventDate "2021.08.06"]

1. e4 {[%clk 00:55:07]} {[%emt 00:00:02]} c5 {[%clk 00:55:05]} {[%emt
00:00:05]} 2. Nf3 {[%clk 00:55:03]} {[%emt 00:00:10]} Nc6 {[%clk 00:55:04]}
{[%emt 00:00:06]} 3. Bb5 {[%clk 00:55:02]} {[%emt 00:00:07]} g6 {[%clk
00:54:54]} {[%emt 00:00:12]} 4. c3 {[%clk 00:54:34]} {[%emt 00:00:35]} Bg7
{[%clk 00:54:54]} {[%emt 00:00:04]} 5. d4 {[%clk 00:54:24]} {[%emt 00:00:15]}
cxd4 {[%clk 00:54:43]} {[%emt 00:00:16]} 6. cxd4 {[%clk 00:54:18]} {[%emt
00:00:12]} Qb6 {[%clk 00:54:34]} {[%emt 00:00:13]} 7. Bxc6 {[%clk 00:54:00]}
{[%emt 00:00:23]} bxc6 {[%clk 00:54:34]} {[%emt 00:00:05]} 8. Nc3 {[%clk
00:53:04]} {[%emt 00:01:02]} Ba6 {[%clk 00:54:29]} {[%emt 00:00:09]} 9. d5
{[%clk 00:46:55]} {[%emt 00:06:17]} Nf6 {[%clk 00:52:56]} {[%emt 00:01:36]} 10.
Qc2 {[%clk 00:38:38]} {[%emt 00:08:22]} Rb8 {[%clk 00:51:36]} {[%emt 00:01:24]}
11. Rb1 {[%clk 00:33:18]} {[%emt 00:05:26]} cxd5 {[%clk 00:49:08]} {[%emt
00:02:33]} 12. Nxd5 {[%clk 00:29:19]} {[%emt 00:04:04]} Nxd5 {[%clk 00:48:29]}
{[%emt 00:00:44]} 13. exd5 {[%clk 00:28:47]} {[%emt 00:00:37]} Qa5+ {[%clk
00:48:22]} {[%emt 00:00:12]} 14. b4 {[%clk 00:25:06]} {[%emt 00:03:46]} Qxd5
{[%clk 00:47:40]} {[%emt 00:00:46]} 15. a4 {[%clk 00:22:10]} {[%emt 00:03:02]}
Bd3 {[%clk 00:47:24]} {[%emt 00:00:21]} 16. Qc7 {[%clk 00:19:45]} {[%emt
00:02:29]} O-O {[%clk 00:47:24]} {[%emt 00:00:06]} 17. Qxa7 {[%clk 00:16:50]}
{[%emt 00:03:00]} Bxb1 {[%clk 00:47:15]} {[%emt 00:00:13]} 18. O-O {[%clk
00:16:43]} {[%emt 00:00:13]} Be4 {[%clk 00:46:41]} {[%emt 00:00:38]} 19. Qe3
{[%clk 00:15:47]} {[%emt 00:01:00]} Bxf3 {[%clk 00:46:42]} {[%emt 00:00:05]}
20. Qxf3 {[%clk 00:15:45]} {[%emt 00:00:07]} Qxf3 {[%clk 00:46:41]} {[%emt
00:00:05]} 21. gxf3 {[%clk 00:15:47]} {[%emt 00:00:03]} Rxb4 {[%clk 00:46:37]}
{[%emt 00:00:09]} 22. Ba3 {[%clk 00:14:56]} {[%emt 00:00:57]} Rxa4 {[%clk
00:46:36]} {[%emt 00:00:06]} 23. Bxe7 {[%clk 00:14:57]} {[%emt 00:00:04]} Re8
{[%clk 00:46:33]} {[%emt 00:00:08]} 24. Bc5 {[%clk 00:14:33]} {[%emt 00:00:29]}
Ra1 {[%clk 00:46:37]} 25. Rxa1 {[%clk 00:14:07]} {[%emt 00:00:30]} Bxa1 {[%clk
00:46:40]} {[%emt 00:00:01]} 26. Kg2 {[%clk 00:13:46]} {[%emt 00:00:27]} d5
{[%clk 00:46:41]} {[%emt 00:00:05]} 27. f4 {[%clk 00:13:37]} {[%emt 00:00:14]}
d4 {[%clk 00:46:42]} {[%emt 00:00:04]} 28. Kf3 {[%clk 00:13:31]} {[%emt
00:00:12]} d3 {[%clk 00:46:41]} {[%emt 00:00:04]} 29. Be3 {[%clk 00:13:23]}
{[%emt 00:00:13]} Bc3 {[%clk 00:46:42]} {[%emt 00:00:04]} 30. h3 {[%clk
00:13:02]} {[%emt 00:00:27]} d2 {[%clk 00:46:25]} {[%emt 00:00:22]} 31. Ke2
{[%clk 00:12:59]} {[%emt 00:00:08]} Ra8 {[%clk 00:46:16]} {[%emt 00:00:12]} 32.
Bxd2 {[%clk 00:12:38]} {[%emt 00:00:28]} Bxd2 {[%clk 00:46:16]} {[%emt
00:00:05]} 33. Kxd2 {[%clk 00:12:41]} {[%emt 00:00:01]} Ra3 {[%clk 00:46:20]}
{[%emt 00:00:01]} 34. Ke2 {[%clk 00:12:33]} {[%emt 00:00:14]} Rxh3 {[%clk
00:46:19]} {[%emt 00:00:05]} 35. f3 {[%clk 00:12:35]} {[%emt 00:00:04]} f5
{[%clk 00:46:19]} {[%emt 00:00:05]} 36. Kf2 {[%clk 00:12:28]} {[%emt 00:00:12]}
Kg7 {[%clk 00:46:09]} {[%emt 00:00:14]} 37. Kg2 {[%clk 00:12:23]} {[%emt
00:00:11]} Rh4 {[%clk 00:46:13]} 38. Kg3 {[%clk 00:12:25]} {[%emt 00:00:02]}
Rh1 {[%clk 00:46:17]} {[%emt 00:00:02]} 39. Kg2 {[%clk 00:12:17]} {[%emt
00:00:13]} Ra1 {[%clk 00:46:17]} {[%emt 00:00:05]} 40. Kf2 {[%clk 00:12:10]}
{[%emt 00:00:12]} Ra4 {[%clk 00:46:16]} {[%emt 00:00:05]} 41. Kg3 {[%clk
00:12:12]} {[%emt 00:00:04]} Kf6 {[%clk 00:46:17]} {[%emt 00:00:05]} 42. Kf2
{[%clk 00:12:07]} {[%emt 00:00:09]} Rxf4 {[%clk 00:46:18]} {[%emt 00:00:03]}
43. Kg3 {[%clk 00:12:07]} {[%emt 00:00:06]} g5 {[%clk 00:46:18]} {[%emt
00:00:05]} 44. Kf2 {[%clk 00:12:07]} {[%emt 00:00:05]} g4 {[%clk 00:46:23]} 45.
Kg1 {[%clk 00:11:59]} {[%emt 00:00:12]} Rxf3 {[%clk 00:46:22]} {[%emt
00:00:06]} 46. Kg2 {[%clk 00:11:59]} {[%emt 00:00:06]} h5 {[%clk 00:46:22]}
{[%emt 00:00:05]} 47. Kg1 {[%clk 00:11:55]} {[%emt 00:00:08]} Kg5 {[%clk
00:46:17]} {[%emt 00:00:11]} 48. Kg2 {[%clk 00:11:57]} {[%emt 00:00:04]} Kh4
{[%clk 00:46:17]} {[%emt 00:00:04]} 49. Kh2 {[%clk 00:11:58]} {[%emt 00:00:03]}
Rf2+ {[%clk 00:46:15]} {[%emt 00:00:07]} 50. Kh1 {[%clk 00:11:55]} {[%emt
00:00:09]} Kh3 {[%clk 00:46:14]} {[%emt 00:00:05]} 51. Kg1 {[%clk 00:11:56]}
{[%emt 00:00:05]} Kg3 {[%clk 00:46:15]} {[%emt 00:00:04]} 52. Kh1 {[%clk
00:11:59]} {[%emt 00:00:02]} Rf1# {[%clk 00:46:17]} {[%emt 00:00:03]} 0-1